Tickets de café (Record no. 23168)

MARC details
000 -LEADER
campo de control de longitud fija 00723nam a2200205 i 4500
001 - NÚMERO DE CONTROL
campo de control 23168
003 - IDENTIFICADOR DE NÚMERO DE CONTROL
campo de control ES-MaACL
005 - FECHA Y HORA DE LA ÚLTIMA TRANSACCIÓN
campo de control 20230906152827.0
007 - CAMPO FIJO DE DESCRIPCIÓN FÍSICA--INFORMACIÓN GENERAL
campo de control de longitud fija t|
008 - DATOS DE LONGITUD FIJA--INFORMACIÓN GENERAL
campo de control de longitud fija 021209s1999 sp ||||1| spa d
100 1# - ENTRADA PRINCIPAL--NOMBRE DE PERSONA
Nombre de persona Alonso, Eduardo.
9 (RLIN) 20198
245 10 - MENCIÓN DEL TÍTULO
Título Tickets de café
Resto del título : versos /
Mención de responsabilidad, etc. palabras [pre]liminares de Manuel Mur Oti ; epílogo de César González Ruano ; ilustraciones de José Ejarque.
260 ## - PUBLICACIÓN, DISTRIBUCIÓN, ETC.
Lugar de publicación, distribución, etc. Madrid :
Nombre del editor, distribuidor, etc. [s.n.,
Fecha de publicación, distribución, etc. 1948] (
Fabricante Talleres de Luis Pérez)
300 ## - DESCRIPCIÓN FÍSICA
Extensión 298 p., 10 lám. ;
Dimensiones 17 cm.
700 1# - ENTRADA AGREGADA--NOMBRE PERSONAL
Nombre de persona Mur Oti, Manuel.
9 (RLIN) 84528
700 1# - ENTRADA AGREGADA--NOMBRE PERSONAL
Nombre de persona González-Ruano, César,
Fechas asociadas al nombre 1903-1965
9 (RLIN) 58936
700 1# - ENTRADA AGREGADA--NOMBRE PERSONAL
Nombre de persona Ejarque, José.
9 (RLIN) 46881
852 ## - LOCALIZACIÓN
Ubicación ES-MaACL
Número de control de estantería C-4887
Sublocalización o colección R.25393
Holdings
Estatus retirado Estado de pérdida Estado de daño No para préstamo Biblioteca de origen Biblioteca actual Ubicación en estantería Fecha de adquisición Fuente de adquisición Total de préstamos Signatura topográfica completa Código de barras Visto por última vez Precio de reemplazo Tipo de ítem Koha
        Biblioteca del Ateneo de Madrid Biblioteca del Ateneo de Madrid Sala Palomar 17/01/2008     C-4887 1023869 23/02/2023 23/02/2023 Libro impreso